00661nam a2200241 a 4500001001300000003000900013005001700022008004100039020001000080082001300090100001500103245004300118260004800161300000800209500003500217505001400252650001500266700001500281902000800296942000700304952009300311999001500404nice12345678IN_TiNIC20260116011425.0050524s1933 laha grs 000 0 49g  ac10000a221bWAR aWaris, F D aMasih Yisu Ke Mojassam Hone Se Pahila. aLahorebPunjab Religious Booksociety c1933 a98p aincludes index and biblioraphy2 areference aBible O.T.1 aWaris, F D bSRS cPS 00104070aHMIbHMId2007-06-18g100.00l0o221 WARp4814r2007-06-18w2026-01-16yARB c1409d1409